01173cam a2200301 a 450000100070000000500170000700800410002401000170006502000550008204000180013705000250015508200200018024500740020026000340027430000330030850000390034150400510038065000390043165000170047065000330048765000330052070000260055371000430057985600890062294200120071199900170072395201310074067337420080307104853.0951002s1996 nyua b 001 0 eng  a 95044878  a0387946020 (New York : hardcover : acidfree ppaer) aDLCcDLCdDLC00aQ172.5.C45bM54 199600a003.85220bFLU00aFluctuations and order :bthe new synthesis /cMark Millonas, editor. aNew York :bSpringer,cc1996. axx, 454 p. :bill. ;c24 cm. a"Institute for Nonlinear Science." aIncludes bibliographical references and index. 0aChaotic behavior in systems.97365 0aNoise.97366 0aFluctuations (Physics)97367 0aOrder-disorder models.973681 aMillonas, Mark.973692 aInstitute for Nonlinear Science.97370423Publisher descriptionuhttp://www.loc.gov/catdir/enhancements/fy0815/95044878-d.html 2ddccBB c12151d12151 00102ddc40708AlahramaMAINbMAINcLOWd2009-07-01epurchaseg231.70h72l0o003.85 FLUp000016713r2025-07-15 00:00:00yBB